| 000 | 00404 a2200157 4500 | ||
|---|---|---|---|
| 005 | 20260330142014.0 | ||
| 008 | 260330b |||||||| |||| 00| 0 eng d | ||
| 020 | _a9789357326025 | ||
| 080 |
_aFM _bSRE/S |
||
| 100 | _aSreekumar,E. P. | ||
| 245 | _aSwaram(സ്വരം) | ||
| 260 |
_bD C books. _aKottayam. _c2024. |
||
| 300 | _a431p. | ||
| 653 | _aFiction-Novel-Malayalam Literature | ||
| 942 | _cOO | ||
| 999 |
_c115268 _d115267 |
||